Be aware of the homicide bill (Record no. 73091)

MARC details
000 -LEADER
fixed length control field 00930cam a2200229 4500
001 - CONTROL NUMBER
control field ABS66869
008 - FIXED-LENGTH DATA ELEMENTS--GENERAL INFORMATION
fixed length control field 030722n2003 000 0 eng u
035 ## - SYSTEM CONTROL NUMBER
System control number (Sirsi) u123087
100 ## - MAIN ENTRY--PERSONAL NAME
Personal name Simmonds, C.
245 ## - TITLE STATEMENT
Title Be aware of the homicide bill
260 ## - PUBLICATION, DISTRIBUTION, ETC.
Date of publication, distribution, etc. 2003
490 ## - SERIES STATEMENT
Series statement RICS Building Control
Volume/sequential designation (142) July/August 2003, 14-15(2)
520 ## - SUMMARY, ETC.
Summary, etc. Considers how the use of ground probing radar can help prevent accidents as a result of damage to underground services whilst excavating. The Involuntary Homicide Bill, if it becomes law, will make accident prevention vital. "Avoiding danger from underground services", published by the HSE, provides guidance on such works.
590 ## - LOCAL NOTE (RLIN)
Local note ABS
650 ## - SUBJECT ADDED ENTRY--TOPICAL TERM
Topical term or geographic name entry element INVOLUNTARY HOMICIDE BILL
650 ## - SUBJECT ADDED ENTRY--TOPICAL TERM
Topical term or geographic name entry element GROUND PROBING RADAR
650 ## - SUBJECT ADDED ENTRY--TOPICAL TERM
Topical term or geographic name entry element UNDERGROUND SERVICES
650 ## - SUBJECT ADDED ENTRY--TOPICAL TERM
Topical term or geographic name entry element EXCAVATION
650 ## - SUBJECT ADDED ENTRY--TOPICAL TERM
Topical term or geographic name entry element ACCIDENTS
690 ## - LOCAL SUBJECT ADDED ENTRY--TOPICAL TERM (OCLC, RLIN)
Topical term or geographic name as entry element BUILT ENVIRONMENT-BUILDING STANDARDS
942 ## - ADDED ENTRY ELEMENTS (KOHA)
Suppress in OPAC 0
Holdings
Withdrawn status Lost status Source of classification or shelving scheme Damaged status Not for loan Home library Current library Shelving location Date acquired Total Checkouts Full call number Barcode Date last seen Copy number Price effective from Koha item type
    Dewey Decimal Classification     London London Journal article 22/07/2003   ABS66869 123087-1001 06/08/2019 1 06/08/2019 Journal article